Ek thā shāʻir, Shād ʻĀrifī. (Record no. 81244)

MARC details
000 -LEADER
fixed length control field 00634cam a22002291 4500
001 - CONTROL NUMBER
control field sa 68006313
003 - CONTROL NUMBER IDENTIFIER
control field DLC
005 - DATE AND TIME OF LATEST TRANSACTION
control field 20260227112515.0
008 - FIXED-LENGTH DATA ELEMENTS--GENERAL INFORMATION
fixed length control field 890811s1967 ii ac 000 0 urdr
010 ## - LIBRARY OF CONGRESS CONTROL NUMBER
LC control number sa 68006313
035 ## - SYSTEM CONTROL NUMBER
System control number (OCoLC)20162079
040 ## - CATALOGING SOURCE
Original cataloging agency DLC
Transcribing agency WaU
Modifying agency DLC
042 ## - AUTHENTICATION CODE
Authentication code premarc
050 00 - LIBRARY OF CONGRESS CALL NUMBER
Classification number PK2199.S453
Item number Z7
100 1# - MAIN ENTRY--PERSONAL NAME
Personal name Ḥanfī, Muẓaffar,
Dates associated with a name 1936-
245 10 - TITLE STATEMENT
Title Ek thā shāʻir, Shād ʻĀrifī.
260 ## - PUBLICATION, DISTRIBUTION, ETC.
Date of publication, distribution, etc. [1967]
300 ## - PHYSICAL DESCRIPTION
Extent 850 p.
Other physical details illus., ports.
Dimensions 19 cm.
500 ## - GENERAL NOTE
General note In Urdu.
600 20 - SUBJECT ADDED ENTRY--PERSONAL NAME
Personal name Shād Arifi, Ahmad Ali Khan Laddan,
Dates associated with a name 1903?
700 2# - ADDED ENTRY--PERSONAL NAME
Personal name Shād Arifi, Ahmad Ali Khan Laddan,
Dates associated with a name 1903?

No items available.

Powered by Koha